Statistics for Asian Countries: Country Transits = 5

Click here to take the quiz!

General Stats

  • This quiz has been taken 23 times
  • The average score is 27 of 41

Answer Stats

#aCOUNTRY% Correct
2Afghanistan
76%
10Saudi Arabia
76%
3Cambodia
71%
2Armenia
71%
7India
71%
7China
71%
5Yemen
71%
4Burma
67%
1Azerbaijan
67%
3South Korea
67%
5Oman
67%
10Brunei
67%
9Syria
67%
6Malaysia
67%
7Lebanon
67%
5Bangladesh
67%
10Kuwait
67%
8Kazakhstan
67%
10Jordan
67%
7Israel
67%
3Iraq
67%
10Indonesia
67%
6Bhutan
67%
4East Timor
67%
5Qatar
67%
8Tajikistan
62%
3Thailand
62%
6Sri Lanka
62%
5United Arab Emirates
62%
6Nepal
62%
7North Korea
62%
7Mongolia
62%
6Kyrgyzstan
62%
1Georgia
62%
4Laos
62%
2Pakistan
57%
1Iran
57%
2Turkey
57%
1Turkmenistan
57%
7Uzbekistan
57%
5Vietnam
52%

Score Distribution

Percentile by Number Answered

Percent of People with Each Score

Your Score History

You have not taken this quiz